| 000 | 00977cam a22002531i 4500 | ||
|---|---|---|---|
| 003 | SA-RiAUC | ||
| 005 | 20250101064134.0 | ||
| 008 | 241214s2007 xxk g 000 0dara c | ||
| 040 |
_aSA-JeALM _bara _cSA-RiAUC. _erda |
||
| 082 | 0 | 4 |
_a247.0902 _qSA-RiAUC |
| 090 |
_a247.0902 _bع ل و |
||
| 100 | 1 |
_aالعلوي، حسن، _d1936- _eمؤلف. |
|
| 245 | 1 | 0 |
_aعمر والتشيع / _cتأليف حسن العلوي. |
| 250 | _aالطبعة الأولى. | ||
| 264 | 1 |
_aلندن : _bدار الزوراء، _c2007 |
|
| 300 |
_a325 صفحة ؛ _c20 سم |
||
| 336 |
_aنص _btxt _2rdacontent _3كتاب |
||
| 337 |
_aبدون وسيط _bn _2rdamedia |
||
| 338 |
_aمجلد _bnc _2rdacarrier |
||
| 600 | 0 | 7 |
_aعمر بن الخطاب بن نفيل القرشي، _d40 قبل الهجرة-23 هجري _2aucnm |
| 650 | 7 |
_aالشيعة (فرقة إسلامية) _xتاريخ _yعصر صدر الإسلام _2aucsh |
|
| 942 |
_2ddc _cBOOK _n0 |
||
| 949 |
_aSA-JeALM _d241214 _uosman123 _n1 |
||
| 999 |
_c4225 _d4225 |
||